[Event "CERRADO GM"]
[Site "Mondariz-Balneario ESP"]
[Date "2007.12.26"]
[Round "1"]
[White "Suarez Pousa,D"]
[Black "Hernando Rodrigo,Jo"]
[Result "1-0"]
[WhiteElo "2406"]
[BlackElo "2359"]

1.e4 c5 2.Nc3 e6 3.Nf3 Nc6 4.d4 cxd4 5.Nxd4 Nf6 6.Ndb5 Bb4 7.a3 Bxc3+ 8.Nxc3 d5
9.exd5 exd5 10.Bg5 d4 11.Qe2+ Be6 12.O-O-O Qa5 13.Bxf6 gxf6 14.Ne4 O-O-O
15.Qb5 Qc7 16.Nc5 Rhg8 17.g3 a6 18.Qa4 Qb6 19.Nxe6 fxe6 20.Bh3 Rge8 21.Rhe1 Rd6
22.Rd3 Qc5 23.Kb1 Re7 24.Red1 Kb8 25.c3 Qh5 26.Bg2 Qxh2 27.Bxc6 Rxc6 28.Qxd4 Rf7
29.Qe3 Rf8 30.Rd7 Qh5 31.Qf4+ Qe5 32.Qb4  1-0

[Event "Harmonie Open A"]
[Site "Groningen NED"]
[Date "2007.12.27"]
[Round "6"]
[White "Pruijssers,R"]
[Black "Heemskerk,W"]
[Result "1-0"]
[WhiteElo "2408"]
[BlackElo "2233"]

1.e4 c5 2.Nf3 Nc6 3.d4 cxd4 4.Nxd4 e6 5.Nc3 Qc7 6.Be3 a6 7.Qd2 Nf6 8.f3 Ne5
9.O-O-O Bb4 10.Nb3 b5 11.Qe1 Be7 12.f4 Ng6 13.e5 Ng4 14.Bd2 Bb7 15.Bd3 O-O
16.Qe2 f5 17.exf6 Nxf6 18.Rhf1 b4 19.Ne4 Nxe4 20.Bxe4 Bxe4 21.Qxe4 a5 22.Kb1 a4
23.Nd4 Rfb8 24.f5 exf5 25.Nxf5 b3 26.cxb3 axb3 27.Bc3 bxa2+ 28.Ka1 Bf6 29.Qd5+ Kh8
30.Nh6 Rf8 31.Qg8+  1-0

[Event "Harmonie Open A"]
[Site "Groningen NED"]
[Date "2007.12.27"]
[Round "6"]
[White "Spoelman,W"]
[Black "Li Shilong"]
[Result "0-1"]
[WhiteElo "2445"]
[BlackElo "2509"]

1.e4 c5 2.Nf3 Nc6 3.d4 cxd4 4.Nxd4 e6 5.Nc3 Qc7 6.Be3 Nf6 7.Qd2 Bb4 8.f3 Nxd4
9.Qxd4 Bxc3+ 10.bxc3 O-O 11.c4 d5 12.cxd5 exd5 13.e5 Nd7 14.f4 Nb8 15.Bd3 Nc6
16.Qxd5 Nb4 17.Bxh7+ Kxh7 18.Qe4+ Bf5 19.Qxb4 Qxc2 20.O-O Rfd8 21.Rac1 Qxa2
22.Qxb7 a5 23.Qf3 Kg8 24.Bb6 Rdc8 25.Bc7 Qb2 26.Qf2 Qb3 27.Bd6 a4 28.Ra1 a3
29.Qa2 Qb6+ 30.Qf2 Qb3 31.Qa2 Qd3 32.Rfd1 Qe4 33.Re1 Qb7 34.Re2 Be6 35.Qb1 Qa7+
36.Kh1 a2 37.Qg1 Qb7 38.f5 Bc4 39.Rd2 Qe4 40.f6 Ra4 41.Qd4 Qb1+ 42.Rd1 Bb3
43.Qxa4 Qxd1+ 44.Rxd1 Bxa4 45.Rg1 Rc2 46.h3 Bc6 47.e6 Rxg2  0-1

[Event "60th ch-RUS Superfinal"]
[Site "Moscow RUS"]
[Date "2007.12.27"]
[Round "8"]
[White "Amonatov,F"]
[Black "Vitiugov,N"]
[Result "1/2-1/2"]
[WhiteElo "2637"]
[BlackElo "2594"]

1.e4 c5 2.Nf3 e6 3.d4 cxd4 4.Nxd4 Nc6 5.Nc3 Qc7 6.f4 Nxd4 7.Qxd4 a6 8.Be3 b5
9.O-O-O Bb7 10.Bd3 Rc8 11.Kb1 Qc5 12.a4 b4 13.Na2 Nf6 14.Rhe1 a5 15.Nc1 Qc6
16.Nb3 Qxa4 17.Qe5 d6 18.Bb5+ Bc6 19.Bxa4 dxe5 20.Bxc6+ Rxc6 21.fxe5 Nd7
22.Nxa5 Rc8 23.Bf4 Nxe5 24.Bxe5 Rc5 25.Bxg7 Bxg7 26.Nb3 Rg5 27.Re2 h5 28.Rd6 Be5
29.Ra6 Rhg8 30.Ra8+ Ke7 31.Ra7+ Ke8 32.Ra8+ Ke7 33.Ra7+ Ke8 34.g3 h4 35.Ra8+ Ke7
36.Ra7+ Ke8 37.Ra8+ Ke7 38.Rxg8 Rxg8 39.gxh4 Rg4 40.Nc5 Rxh4 41.Nd3 Kd6 42.Nxb4 f5
43.Nd3 fxe4 44.Nxe5 Kxe5 45.Kc1 Kf4 46.Kd2 Rh3 47.Rf2+ Ke5 48.Rg2 Kf4 49.Rf2+ Ke5
50.Rg2 Kf4 51.b4 e3+ 52.Ke2 Rh8 53.b5 Rc8 54.Ke1 Kf3 55.Rg3+ Kf4 56.Rg2 Kf3
57.Rg3+ Kf4 58.Rg2  1/2-1/2

[Event "Abierto"]
[Site "Pamplona ESP"]
[Date "2007.12.27"]
[Round "7"]
[White "Calzetta,M"]
[Black "Montoya Irigoyen,I"]
[Result "1-0"]
[WhiteElo "2287"]
[BlackElo "2072"]

1.e4 c5 2.Nc3 e6 3.Nf3 Nc6 4.d4 cxd4 5.Nxd4 Qc7 6.Be3 a6 7.Qd2 Bb4 8.O-O-O Nf6
9.f3 Ne5 10.Nb3 b5 11.Bd4 Be7 12.Qf2 d6 13.g4 O-O 14.g5 Nfd7 15.h4 Nc4 16.Bxc4 bxc4
17.Nd2 Bb7 18.Rhe1 Rfc8 19.f4 e5 20.Be3 exf4 21.Qxf4 Ne5 22.Nf3 Nxf3 23.Qxf3 Bf8
24.Bd4 Qa5 25.Rf1 Rc7 26.Qg3 Re7 27.Rf5 Qc7 28.Rdf1 g6 29.Rf6 Bg7 30.h5 d5
31.e5 Rf8 32.hxg6 hxg6 33.Qh2 Re6 34.Rh1 Rc8 35.Qh7+ Kf8 36.Rxe6 fxe6 37.Rf1+ Ke8
38.Qg8+  1-0

[Event "Weihnachtsopen Meister"]
[Site "Zurich SUI"]
[Date "2007.12.27"]
[Round "3"]
[White "Kudryavtsev,E"]
[Black "Wyss,T"]
[Result "0-1"]
[WhiteElo "2003"]
[BlackElo "2266"]

1.e4 c5 2.Nf3 e6 3.d4 cxd4 4.Nxd4 Nc6 5.Nc3 Qc7 6.Be2 a6 7.O-O Nf6 8.Kh1 Bc5
9.Nb3 Be7 10.f4 d6 11.Be3 b5 12.a3 Bb7 13.Bf3 O-O 14.Qe1 b4 15.axb4 Nxb4
16.Qf2 d5 17.e5 Ne4 18.Bxe4 dxe4 19.Bb6 Qb8 20.Na5 Rc8 21.f5 exf5 22.Qxf5 Rf8
23.e6 f6 24.Rad1 Bc8 25.Bc5 Bxc5 26.Qxc5 Bxe6 27.Nxe4 Qb5 28.c3 Nd5 29.Rfe1 Bf7
30.Qa3 Nf4 31.Qd6 Nxg2 32.Rg1 Bg6 33.Qe6+ Kh8 34.Rd5 Qe2 35.Nc5 Qf3 36.Rxg2 Rae8  0-1

[Event "Premier"]
[Site "Hastings ENG"]
[Date "2007.12.28"]
[Round "1"]
[White "Greet,A"]
[Black "Grant,A"]
[Result "1-0"]
[WhiteElo "2441"]
[BlackElo "2251"]

1.e4 c5 2.Nf3 e6 3.d4 cxd4 4.Nxd4 Nc6 5.Nc3 Qc7 6.Be3 a6 7.Qd2 Nf6 8.O-O-O Bb4
9.f3 Ne7 10.Nde2 d5 11.Bg5 dxe4 12.Bxf6 gxf6 13.Qd4 exf3 14.Qxb4 fxe2 15.Bxe2 f5
16.Rhe1 O-O 17.Kb1 e5 18.Bc4 b5 19.Nd5 Nxd5 20.Bxd5 Ra7 21.Rd3 f4 22.g3 Bf5
23.Rc3 Qd8 24.Rxe5 Re8 25.Rxe8+ Qxe8 26.Qxf4 Re7 27.a3 Re1+ 28.Ka2 Qd7 29.Bb3 Be6
30.Qg5+ Kf8 31.Qc5+ Qe7 32.Bxe6 Rxe6 33.Qd4 Qf6 34.Qxf6 Rxf6 35.Kb3 Ke7 36.a4 Rb6
37.a5 Rh6 38.Rc7+ Kd6 39.Rxf7 Rxh2 40.Rf6+ Kc5 41.Rxa6 Rg2 42.c3 Rxg3 43.Rh6 Rg7
44.Ka3 Rb7 45.Rh5+ Kc4 46.b3+ Kxc3 47.Rc5+ Kd4 48.Kb4 Ke4 49.a6  1-0

[Event "Harmonie Open A"]
[Site "Groningen NED"]
[Date "2007.12.29"]
[Round "8"]
[White "Mastrovasilis,D"]
[Black "Rotstein,A"]
[Result "1-0"]
[WhiteElo "2559"]
[BlackElo "2534"]

1.e4 c5 2.Nf3 e6 3.d4 cxd4 4.Nxd4 Nc6 5.Nc3 Qc7 6.Be3 a6 7.Qd2 Nf6 8.O-O-O Be7
9.f3 O-O 10.g4 b5 11.g5 Ne8 12.h4 Bb7 13.Nxc6 Bxc6 14.Ne2 f5 15.Nd4 fxe4
16.Nxc6 dxc6 17.Qd7 Qxd7 18.Rxd7 Rxf3 19.Rxe7 Rxe3 20.Bh3 Kf8 21.Rxe6 Ra7
22.Rxc6 Rf7 23.Be6 Rf2 24.b4 Ree2 25.Rd1 e3 26.Bb3 Rd2 27.Re6 Rxd1+ 28.Kxd1 Rh2
29.Rxa6 Rxh4 30.Ke2 Rxb4 31.Rb6 Re4 32.Rxb5 Nd6 33.Rd5 Ke7 34.a4 g6 35.a5 Nf5
36.a6 Ng3+ 37.Ke1 Rf4 38.Re5+ Kd6 39.Rxe3 Rf1+ 40.Kd2 Nf5 41.Rh3 Ra1 42.Bc4 Kc5
43.Bd3 Nd4 44.Rxh7 Nf3+ 45.Kc3 Nxg5 46.Rc7+ Kb6 47.Rb7+ Kc5 48.Rb5+  1-0

[Event "Harmonie Open A"]
[Site "Groningen NED"]
[Date "2007.12.29"]
[Round "8"]
[White "Cako,L"]
[Black "Heemskerk,W"]
[Result "1/2-1/2"]
[WhiteElo "2168"]
[BlackElo "2233"]

1.e4 c5 2.Nf3 e6 3.d4 cxd4 4.Nxd4 Nc6 5.Nc3 Qc7 6.Be3 a6 7.Bd3 Nf6 8.O-O Ne5
9.h3 Bc5 10.f4 Ng6 11.Qd2 d6 12.Qf2 O-O 13.Kh1 b5 14.e5 Bxd4 15.Bxd4 dxe5
16.fxe5 Nd7 17.Rae1 Bb7 18.Ne4 Bxe4 19.Rxe4 Rac8 20.Qg3 f5 21.Re2 Nc5 22.c3 Nxd3
23.Qxd3 Qc4 24.Qxc4 Rxc4 25.a3 Rd8 26.b3 Rc6 27.b4 Ne7 28.Ra1 Rc4 29.a4 Nc6
30.axb5 axb5 31.Bc5 Rxc3 32.Ra6 Rc8 33.Rea2 Rc4 34.Ra8 Rxa8 35.Rxa8+ Kf7
36.Rf8+ Kg6 37.Re8 Nxb4 38.Rxe6+ Kg5 39.Bd6 Nd5 40.Re8 Re4 41.Rb8 Re1+ 42.Kh2 b4
43.Rb5 Nf4 44.Kg3 Re3+ 45.Kf2 Re4 46.Kf3 Nd3 47.g4 g6 48.Be7+  1/2-1/2

[Event "Magistral"]
[Site "Pamplona ESP"]
[Date "2007.12.29"]
[Round "7"]
[White "Movsesian,S"]
[Black "Khamrakulov,I"]
[Result "1-0"]
[WhiteElo "2670"]
[BlackElo "2604"]

1.e4 c5 2.Nf3 e6 3.d4 cxd4 4.Nxd4 Nc6 5.Nc3 d6 6.Be3 Nf6 7.Be2 Be7 8.f4 O-O
9.Qd2 e5 10.Nb3 a5 11.a4 Ng4 12.Bxg4 exf4 13.Bxf4 Bxg4 14.O-O Be6 15.Kh1 Qd7
16.Rad1 Bg4 17.Rde1 Ne5 18.Qf2 Be6 19.Rd1 Ng6 20.Bg3 Bg4 21.Rd5 Be6 22.Rd2 Bc4
23.Qf5 Qxf5 24.Rxf5 Ne5 25.Bxe5 dxe5 26.Rd7 Bb4 27.Rxb7 f6 28.h3 Bxc3 29.bxc3 Rfc8
30.Rf3 Be2 31.Rg3 g6 32.Re3 Ba6 33.Rb6 Rc4 34.Kh2 Kg7 35.Rf3 Bc8 36.Rbxf6 Rxe4
37.Rf8 Kh6 38.R3f7 Be6 39.Rxh7+ Kxh7 40.Rxa8 Re2 41.Rxa5 Rxc2 42.Rb5 Rxc3
43.Nd2 Bc4 44.Ne4 Ra3 45.Rb7+ Kh6 46.g4 g5 47.Rb4 Bb3 48.Rb6+ Kg7 49.Nxg5 Bxa4
50.Ra6 Ra2+ 51.Kg3 Bb3 52.Rxa2 Bxa2 53.Kf3 Bd5+ 54.Ke3 Kg6 55.Ne4 Bc6 56.h4 Bd5
57.Ng3 Be6 58.g5 Bd5 59.Kd3 Bf3 60.Kd2 Bg2 61.Kc3 Bc6 62.Kc4 Bf3 63.Kc5 Kg7
64.Kd6 e4 65.Ke5 Kg6 66.Kf4 Bg2 67.h5+ Kh7 68.Nxe4 Bf1 69.Ng3 Bc4 70.Ke5 Kg7
71.Nf5+ Kg8 72.Kf6 Ba2 73.g6 Bb3 74.Nh6+  1-0

[Event "37th Rilton Cup"]
[Site "Stockholm SWE"]
[Date "2007.12.30"]
[Round "4"]
[White "Kotronias,V"]
[Black "Lindberg,Be"]
[Result "1-0"]
[WhiteElo "2614"]
[BlackElo "2439"]

1.e4 c5 2.Nf3 e6 3.d4 cxd4 4.Nxd4 Nc6 5.Nc3 Qc7 6.Be3 a6 7.Bd3 Nf6 8.O-O Ne5
9.h3 Bc5 10.Qd2 d6 11.f4 Ng6 12.Qf2 O-O 13.Rae1 e5 14.fxe5 dxe5 15.Ndb5 Bxe3
16.Nxc7 Bxf2+ 17.Rxf2 Rb8 18.N3d5 Nxd5 19.exd5 f6 20.c4 Nf4 21.Rxf4 exf4
22.d6 Bd7 23.c5 a5 24.Re7 Rfd8 25.Bc4+ Kh8 26.Ne6 Bxe6 27.Bxe6 Re8 28.Bd7 Red8
29.Kf2 g6 30.Kf3 Rg8 31.Ke4 Rg7 32.Kd5 f5 33.Ke6 g5 34.Re8+ Rxe8+ 35.Bxe8 g4
36.Bf7 f3 37.d7 Rg8 38.Bxg8 f2 39.d8=Q f1=Q 40.Qf6+ Kxg8 41.Qf7+  1-0

[Event "37th Rilton Cup"]
[Site "Stockholm SWE"]
[Date "2007.12.30"]
[Round "4"]
[White "Nyysti,S"]
[Black "Ivanov,Sergey1"]
[Result "0-1"]
[WhiteElo "2364"]
[BlackElo "2532"]

1.e4 c5 2.Nf3 e6 3.d4 cxd4 4.Nxd4 Nc6 5.Nc3 Qc7 6.Be3 a6 7.Qd2 Nf6 8.O-O-O Bb4
9.f3 Ne5 10.Nb3 b5 11.Bd4 Bb7 12.Qg5 Ng6 13.Qg3 e5 14.a3 Be7 15.Be3 Rc8 16.Qf2 O-O
17.Bb6 Qb8 18.Nc5 d6 19.Nxb7 Qxb7 20.g3 Rc6 21.Ba5 Bd8 22.Bxd8 Rxd8 23.Nd5 Nxd5
24.Rxd5 Ne7 25.Rd3 Rdc8 26.c3 a5 27.Bh3 Rb8 28.Kb1 b4 29.cxb4 axb4 30.Rb3 Rb6
31.Ka2 Nc6 32.Rd1 Na5 33.Rxb4 Rxb4 34.axb4 Qxb4  0-1

[Event "Weihnachtsopen Meister"]
[Site "Zurich SUI"]
[Date "2007.12.30"]
[Round "7"]
[White "Kurmann,O"]
[Black "Widmer,S"]
[Result "1-0"]
[WhiteElo "2396"]
[BlackElo "2206"]

1.e4 c5 2.Nf3 Nc6 3.Nc3 e6 4.d4 cxd4 5.Nxd4 Nf6 6.Nxc6 bxc6 7.e5 Nd5 8.Ne4 Bb7
9.c4 Nb4 10.c5 Ba6 11.Bxa6 Nxa6 12.Qd4 Qa5+ 13.Bd2 Qb5 14.b4 Rb8 15.a3 h6
16.f4 Nc7 17.a4 Qa6 18.Rf1 Nd5 19.f5 Be7 20.Ra3 Qb7 21.Rb3 Qa6 22.a5 Qb5
23.Rff3 Rg8 24.Nc3 Qb7 25.Nxd5 cxd5 26.b5 Qc7 27.b6 Qxc5 28.bxa7 Rd8 29.Bc3 Qc7
30.Qb6 Qc4 31.Bd2 Qc8 32.Rfc3 Qa8 33.Be3 Bh4+ 34.g3 d4 35.Qxd4  1-0

[Event "Premier"]
[Site "Hastings ENG"]
[Date "2008.01.01"]
[Round "5"]
[White "Rudd,J"]
[Black "Kakkanas,E"]
[Result "1-0"]
[WhiteElo "2332"]
[BlackElo "2064"]

1.e4 c5 2.Nf3 Nc6 3.Nc3 e6 4.d4 cxd4 5.Nxd4 a6 6.Nxc6 bxc6 7.Bd3 Qc7 8.O-O Ne7
9.Be3 Rb8 10.Rb1 Ng6 11.Qe2 a5 12.f4 Be7 13.e5 d6 14.exd6 Bxd6 15.Ne4 Bxf4
16.Bc5 Bxh2+ 17.Kh1 f5 18.Qh5 Be5 19.Rbe1 Rb4 20.c4 Rxb2 21.Rxf5 exf5 22.Nd6+ Kd8
23.Rxe5 Nxe5 24.Qg5+ Qe7 25.Nf7+  1-0

[Event "Premier"]
[Site "Hastings ENG"]
[Date "2008.01.02"]
[Round "6"]
[White "Dinger,F"]
[Black "Rayner,F"]
[Result "1/2-1/2"]
[WhiteElo "2378"]
[BlackElo "2201"]

1.e4 c5 2.Nf3 e6 3.d4 cxd4 4.Nxd4 Nc6 5.Nc3 Qc7 6.Be3 a6 7.Qd2 Nf6 8.O-O-O Bb4
9.f3 Ne5 10.Nb3 b5 11.Kb1 Nc4 12.Bxc4 bxc4 13.Nc1 Rb8 14.Bf4 e5 15.Bg5 Qb6
16.N1e2 Ba3 17.b3 O-O 18.h4 a5 19.Na4 Qc6 20.Qxa5 cxb3 21.axb3 Ba6 22.Nec3 Bb4
23.Qxe5 Rfc8 24.Bxf6 gxf6 25.Qd5 Bxc3 26.Qxc6 Rxc6 27.Nxc3 Rxc3 28.Rxd7 Rbc8
29.Rd2 Kg7 30.Kb2 R8c7 31.Ra1 Bc8 32.Ra5 Kg6 33.Rad5 f5 34.R5d3 R3c5 35.c4 fxe4
36.fxe4 Re5 37.Rg3+ Kh5 38.Rd5 Kxh4 39.Rg7 Rxe4 40.Kc3 Be6 41.Rxh7+ Kg3 42.Rg7+ Kf2
43.Rd2+ Ke3 44.Rg3+ Kf4 45.Rf3+ Ke5 46.Rd8 Bxc4 47.bxc4 Rcxc4+  1/2-1/2

[Event "37th Rilton Cup"]
[Site "Stockholm SWE"]
[Date "2008.01.02"]
[Round "6"]
[White "Carlsson,P"]
[Black "Livner,A"]
[Result "1/2-1/2"]
[WhiteElo "2481"]
[BlackElo "2281"]

1.e4 c5 2.Nc3 Nc6 3.Nf3 e6 4.d4 cxd4 5.Nxd4 Qc7 6.Be2 a6 7.O-O Nf6 8.Kh1 Nxd4
9.Qxd4 Bc5 10.Qd3 b5 11.Bg5 b4 12.Na4 Ba7 13.a3 a5 14.f4 Bb7 15.Bf3 Bc6 16.axb4 axb4
17.b3 O-O 18.Nb2 Bc5 19.Rae1 Ne8 20.Qc4 Ra5 21.Qd3 f6 22.Bh4 Qxf4 23.Bg3 Qh6
24.Nc4 Ra7 25.Ra1 Rxa1 26.Rxa1 f5 27.exf5 Bxf3 28.gxf3 Nf6 29.fxe6 dxe6 30.Re1 Nh5
31.Kg2 Nf4+ 32.Bxf4 Rxf4 33.Qe2 Qg6+ 34.Kh1 Qf5 35.Nd2 Kf7 36.Ne4 Be7 37.Ng3 Qd5
38.Ne4 Qf5 39.Ng3 Qd5 40.Kg2 Rd4 41.Ne4 h6 42.Kh1 Bd6 43.Rg1  1/2-1/2

[Event "XVIII Cracovia"]
[Site "Krakow POL"]
[Date "2008.01.03"]
[Round "8"]
[White "Klimciauskas,D"]
[Black "Kosiorek,M"]
[Result "1/2-1/2"]
[WhiteElo "2147"]
[BlackElo "2358"]

1.e4 c5 2.Nf3 e6 3.d4 cxd4 4.Nxd4 Nc6 5.Nc3 d6 6.Be3 Nf6 7.g4 Nxd4 8.Bxd4 e5
9.Be3 Bxg4 10.f3 Be6 11.Qd2 a6 12.O-O-O Be7 13.Rg1 g6 14.Kb1 O-O 15.f4 exf4
16.Bxf4 Qb6 17.Be3 Qc7 18.Bd3 Nd7 19.h4 Ne5 20.Rdf1 Bxh4 21.Rh1 Bd8 22.Bh6 Re8
23.Bg5 f6 24.Bxf6 Bxf6 25.Rxf6 Qe7 26.Qh6 Qxf6 27.Qxh7+ Kf8 28.Rf1 Bf5 29.Nd5 Qg7
30.exf5 Qxh7 31.fxg6+ Kg7 32.gxh7 Nxd3 33.Rg1+ Kh8 34.cxd3 Rf8 35.Rg6 Kxh7
36.Rxd6 Rad8 37.Rxd8 Rxd8 38.Nf6+ Kg7 39.Ne4 b6 40.Kc2 Kf7 41.a3 Ke6 42.Ng5+ Kd5
43.Ne4 Kd4 44.Nc3 Ke3 45.Nd1+ Kf3 46.Nc3 Ke3 47.Nd1+ Kd4 48.Nc3 Rh8 49.Ne2+ Ke3
50.Nc3 Rh2+ 51.Kb3 Kxd3 52.Nd5 b5 53.Nb4+ Kd2 54.Nxa6 Kc1 55.Kb4 Kxb2 56.Kxb5 Kxa3
57.Nc5 Rh4 58.Nd3 Kb3 59.Kc5 Kc3 60.Ne5 Re4 61.Kd5 Rd4+ 62.Kc5 Rh4 63.Kd5 Rh1
64.Ke4 Re1+ 65.Kd5 Re2 66.Nc4 Re1 67.Ne5 Rd1+ 68.Ke4 Rd8 69.Kf4 Rd4+ 70.Kf5 Ra4
71.Nc6 Kc4 72.Ne5+ Kd5 73.Ng6 Ra5 74.Nf4+ Kd4+ 75.Kg4 Ke4 76.Ne2 Ra8 77.Ng3+ Ke5
78.Kf3 Rg8 79.Ne2 Ra8 80.Ng3 Ra4 81.Ne2 Ra3+ 82.Kf2 Ke4 83.Ng3+ Kf4 84.Ne2+ Kg4
85.Nc1 Rc3 86.Ne2 Rd3 87.Nc1 Rd1 88.Ne2 Rd3 89.Nc1 Rh3 90.Ke2 Ra3 91.Kf2 Kf4
92.Ne2+ Ke5 93.Ng3 Rb3 94.Ne2 Ke4 95.Ng3+ Kd3 96.Kf3 Kd4+ 97.Kf4  1/2-1/2

[Event "Masters"]
[Site "Liege BEL"]
[Date "2008.01.03"]
[Round "1"]
[White "Ringoir,T"]
[Black "Pytel,K"]
[Result "1-0"]
[WhiteElo "2229"]
[BlackElo "2413"]

1.e4 c5 2.Nf3 e6 3.d4 cxd4 4.Nxd4 Nc6 5.Nc3 a6 6.Be3 Nge7 7.a4 d6 8.Bc4 Nxd4
9.Bxd4 Nc6 10.O-O Qa5 11.Bb3 Nxd4 12.Qxd4 Bd7 13.f4 Rc8 14.Kh1 Qc5 15.Qd3 Be7
16.Rad1 O-O 17.e5 d5 18.f5 exf5 19.Qxd5 Bc6 20.Qxc5 Bxc5 21.e6 g6 22.exf7+ Kg7
23.Ne2 Rfd8 24.Rxd8 Rxd8 25.Nf4 Rd2 26.Ne6+ Kxf7 27.Nxc5+ Ke7 28.Rg1 f4 29.Nd3 g5
30.h4 h6 31.hxg5 hxg5 32.Ne5 Be4 33.Nf3 Re2 34.Nxg5 Bxc2 35.Bxc2 Rxc2 36.Re1+ Kf6
37.Ne4+ Kf5 38.Nd6+ Kg4 39.b3 b6 40.Nc4 b5 41.axb5 axb5 42.Na3 Rc3 43.Nxb5 Rxb3
44.Nd4 Rd3 45.Nf3 Kg3 46.Rf1 Ra3 47.Ng1 Ra2 48.Rf3+ Kg4 49.Nh3 Ra4 50.Kh2 Rd4
51.Rxf4+ Rxf4 52.Nxf4 Kxf4 53.Kh3 Kg5 54.Kg3 Kh5 55.Kf4 Kg6 56.Kg4  1-0

[Event "XIX Open"]
[Site "Villa de Roquetas ESP"]
[Date "2008.01.03"]
[Round "2"]
[White "Borrego Mata,E"]
[Black "Ubilava,E"]
[Result "0-1"]
[WhiteElo "2176"]
[BlackElo "2544"]

1.e4 c5 2.Nf3 e6 3.d4 cxd4 4.Nxd4 Nc6 5.Nc3 Qc7 6.Be3 a6 7.f4 b5 8.Bd3 Bb7
9.Qf3 Nf6 10.g4 h6 11.O-O-O Nxd4 12.Bxd4 Bc5 13.Bxc5 Qxc5 14.a3 O-O-O 15.Rhg1 Ne8
16.Qe2 g5 17.e5 gxf4 18.Be4 d5 19.Bf3 Rf8 20.h4 Qe7 21.g5 hxg5 22.hxg5 Qc7
23.Rd4 Rg8 24.Rxf4 f6 25.Bg4 f5 26.Bf3 Nf6 27.Qe3 Ne4 28.Qd4 Nxg5 29.Be2 Nf7
30.Re1 Nxe5 31.Bxb5 Ng6 32.Rf3 e5 33.Qa4 e4 34.Rxf5 axb5 35.Nxb5 Qb6 36.Rf7 Ne5
37.Re7 Rg1 38.Qb4 Rdg8 39.Qc3+ Nc4 40.Kb1 Qxb5  0-1

[Event "Premier"]
[Site "Hastings ENG"]
[Date "2008.01.04"]
[Round "8"]
[White "Greet,A"]
[Black "Rayner,F"]
[Result "1-0"]
[WhiteElo "2441"]
[BlackElo "2201"]

1.e4 c5 2.Nf3 e6 3.d4 cxd4 4.Nxd4 Nc6 5.Nc3 Qc7 6.Be3 a6 7.Qd2 Nf6 8.O-O-O Bb4
9.f3 Ne5 10.Nb3 b5 11.Qd4 Be7 12.Be2 Bb7 13.Qb6 Rc8 14.Na5 Qxb6 15.Bxb6 Ba8
16.Bd4 Nc6 17.Nxc6 Bxc6 18.a3 O-O 19.Kb1 Rfd8 20.Na2 d6 21.Nb4 Bb7 22.Bb6 Re8
23.Ba5 d5 24.e5 Nd7 25.f4 f6 26.Nd3 Nc5 27.Nxc5 Rxc5 28.Bb4 Rc7 29.Bxe7 Rexe7
30.Rd4 Rf7 31.Bg4 fxe5 32.fxe5 Bc8 33.c3 Bd7 34.Re1 Kf8 35.Be2 Ke7 36.Rf1 Rxf1+
37.Bxf1 Be8 38.Kc1 Rc8 39.Bd3 Bg6 40.Bxg6 hxg6 41.Rg4 Kf7 42.Kd2 Rh8 43.Kd3 Rxh2
44.Kd4 Rh5 45.b4 Rf5 46.Rg3 g5 47.Re3 Rf2 48.g4 Ra2 49.Kc5 Ke7 50.Kb6 Rxa3
51.Re1 Rxc3 52.Kxa6 Rc4 53.Kxb5 Rxg4 54.Ra1 Kf7 55.Ka5 Re4 56.b5 Rxe5 57.b6 d4+
58.Ka6 Rd5 59.b7 Rd8 60.Kb6 Rb8 61.Kc7 Rxb7+ 62.Kxb7 Kf6 63.Kc6 Kf5 64.Kc5 e5
65.Kc4 Ke4 66.Rg1 Kf4 67.Kd3 g4 68.Rf1+ Kg3 69.Rf5 Kh2 70.Rxe5 g3 71.Rh5+ Kg1
72.Ke2 Kg2 73.Rg5 d3+ 74.Ke3 Kh2 75.Kf3 d2 76.Rh5+ Kg1 77.Rd5  1-0

[Event "37th Rilton Cup"]
[Site "Stockholm SWE"]
[Date "2008.01.04"]
[Round "8"]
[White "Hillarp Persson,T"]
[Black "Lindberg,Be"]
[Result "0-1"]
[WhiteElo "2567"]
[BlackElo "2439"]

1.e4 c5 2.Nf3 e6 3.d4 cxd4 4.Nxd4 Nc6 5.Nc3 Qc7 6.Be3 a6 7.Qd2 Nf6 8.O-O-O Be7
9.f3 h5 10.Kb1 b5 11.Nb3 d6 12.Bxb5 axb5 13.Nxb5 Qb8 14.Nxd6+ Kf8 15.Qc3 Bd7
16.Nc4 Be8 17.h4 Bb4 18.Qd3 Nd7 19.a3 Be7 20.Qc3 Ra6 21.Rd2 Na7 22.Bg5 f6
23.Be3 Nb5 24.Qd3 Ra4 25.Bd4 Nxd4 26.Nxd4 Nc5 27.Qc3 Kf7 28.Kc1 Qc7 29.b3 Ra8
30.b4 Rc8 31.Ne3 Na4 32.Qb3 Qc3 33.Qxe6+ Kf8 34.Rd3 Qxd3 35.Nef5 Qxa3+ 36.Kd1 Rc7  0-1

[Event "TCh-BEL 2007-8"]
[Site "Belgium BEL"]
[Date "2008.01.06"]
[Round "6"]
[White "Vedder,R"]
[Black "Goormachtigh,J"]
[Result "1/2-1/2"]
[WhiteElo "2300"]
[BlackElo "2238"]

1.e4 c5 2.Nf3 e6 3.d4 cxd4 4.Nxd4 Nc6 5.Nc3 Qc7 6.g3 a6 7.Bg2 Nf6 8.O-O Bc5
9.Nb3 Ba7 10.Qe2 Ne5 11.Bf4 d6 12.Rad1 Bd7 13.Qd2 Nc4 14.Qc1 Rc8 15.Bxd6 Nxd6
16.e5 Nb5 17.exf6 Nxc3 18.bxc3 gxf6 19.Qh6 Ke7 20.Rfe1 Qxc3 21.Bxb7 Bc6 22.Bxc6 Rxc6
23.Re2 Qf3 24.Qd2 Rhc8 25.Qd7+ Kf8 26.Rdd2 Bb6 27.Nd4 Bxd4 28.Qxd4 Rb8 29.Re1 Rb5  1/2-1/2

[Event "Premier"]
[Site "Hastings ENG"]
[Date "2008.01.06"]
[Round "10"]
[White "Formanek,E"]
[Black "Rayner,F"]
[Result "1/2-1/2"]
[WhiteElo "2276"]
[BlackElo "2201"]

1.e4 c5 2.Nf3 e6 3.d4 cxd4 4.Nxd4 Nc6 5.Nc3 Qc7 6.g3 a6 7.Bg2 d6 8.O-O Bd7
9.a4 Nf6 10.Nb3 Be7 11.a5 Ne5 12.Nd2 Rc8 13.Re1 O-O 14.h3 Rfd8 15.Qe2 Be8
16.f4 Nc6 17.Nb3 Nd7 18.Be3 Nc5 19.Qc4 Na7 20.Nd4 Qb8 21.Qe2 Nc6 22.Nxc6 Bxc6
23.b4 Nd7 24.Na4 Bf6 25.Ra3 Bb5 26.Qd1 Rc4 27.Qb1 Rdc8 28.Re2 Rxe4 29.Bxe4 Bxe2
30.Nb6 Nxb6 31.Bxb6 d5 32.Bd3 Bxd3 33.Rxd3 Qd6 34.Bc5 Qc6 35.Qb3 Qb5 36.Kf2 g6
37.Ke3 Bg7 38.Kd2 Bf8 39.Bxf8 Kxf8 40.Rc3 Rc6 41.Rxc6 Qxc6 42.Qb2 Qa4 43.Qh8+ Ke7
44.c3 h5 45.Qb8 Qc6 46.g4 hxg4 47.hxg4 Qb5 48.g5 Qc6 49.Qe5 Qd6 50.Qf6+ Ke8
51.Ke3 Qc6  1/2-1/2

[Event "Masters"]
[Site "Liege BEL"]
[Date "2008.01.07"]
[Round "4"]
[White "Ringoir,T"]
[Black "Gulbas,C"]
[Result "1-0"]
[WhiteElo "2229"]
[BlackElo "2356"]

1.e4 c5 2.Nf3 e6 3.d4 cxd4 4.Nxd4 Nc6 5.Nc3 Qc7 6.Be3 a6 7.Bd3 Nf6 8.O-O Ne5
9.Nf3 d6 10.Nxe5 dxe5 11.a4 b6 12.Qf3 Be7 13.h4 O-O 14.g4 Bb7 15.g5 Nd7 16.Qg4 Qc6
17.Kh2 Rad8 18.Rg1 Nc5 19.Be2 Nd7 20.h5 Bc5 21.Rad1 Bxe3 22.fxe3 Nc5 23.Bd3 Qe8
24.h6 g6 25.Qg3 Nd7 26.Bc4 Qe7 27.Rd3 f6 28.Rgd1 Bc8 29.Rd6 Nc5 30.gxf6 Qxf6
31.Rxd8 Rxd8 32.Rxd8+ Qxd8 33.Qxe5 Qh4+ 34.Kg2 Qg4+ 35.Kf2 Qh4+ 36.Ke2 Qh5+
37.Qxh5 gxh5 38.b4 Nb7 39.Bxa6 Kf7 40.e5 Kg6 41.Ne4 Kxh6 42.Kf2 Kg6 43.Nd6 Nxd6
44.exd6 Bd7 45.Bb5 Bxb5 46.axb5 Kf6 47.c4 e5 48.c5 Ke6 49.Kg3  1-0

[Event "Paul Keres Mem GMA"]
[Site "Tallinn EST"]
[Date "2008.01.07"]
[Round "3"]
[White "Yemelin,V"]
[Black "Seeman,T"]
[Result "1-0"]
[WhiteElo "2562"]
[BlackElo "2420"]

1.e4 c5 2.Nf3 e6 3.d4 cxd4 4.Nxd4 Nc6 5.Nc3 d6 6.Be3 Nf6 7.f4 e5 8.Nb3 Be7
9.f5 a5 10.Bb5 O-O 11.a3 Na7 12.Bd3 b5 13.Qf3 Bb7 14.Nd2 b4 15.axb4 axb4
16.Nd5 Nc6 17.Rxa8 Qxa8 18.O-O Bd8 19.g4 Nd4 20.Nxf6+ Bxf6 21.Qg2 b3 22.g5 Bd8
23.Bxd4 exd4 24.Nxb3 Qa2 25.f6 Qxb2 26.Qh3 Qc3 27.Qh4 h5 28.Qxh5 Bxe4 29.fxg7 Kxg7
30.Qh6+ Kg8 31.g6 Bxg6 32.Bxg6 Qe3+ 33.Qxe3 dxe3 34.Bd3 Bb6 35.Kg2 Re8 36.Nc1  1-0

[Event "Petrovskaya Ladya GM"]
[Site "Peterhof RUS"]
[Date "2008.01.08"]
[Round "8"]
[White "Pogosian,Vl"]
[Black "Fazulyanov,S"]
[Result "1/2-1/2"]
[WhiteElo "2289"]
[BlackElo "2354"]

1.e4 c5 2.Nc3 e6 3.Nf3 Nc6 4.d4 cxd4 5.Nxd4 Nf6 6.Nxc6 bxc6 7.e5 Nd5 8.Ne4 Qc7
9.f4 Qa5+ 10.c3 Qb6  1/2-1/2

[Event "ch-Reykjavik"]
[Site "Reykjavik ISL"]
[Date "2008.01.09"]
[Round "2"]
[White "Jonsson,Ol"]
[Black "Gretarsson,Hj"]
[Result "0-1"]
[WhiteElo "1924"]
[BlackElo "2247"]

1.e4 c5 2.Nf3 e6 3.d4 cxd4 4.Nxd4 Nc6 5.Nc3 Qc7 6.Be3 a6 7.f4 b5 8.Nxc6 dxc6
9.Bd3 Bb7 10.O-O c5 11.e5 b4 12.Nb1 c4 13.Be2 Bc5 14.Bxc5 Qxc5+ 15.Kh1 Ne7
16.Bf3 Rd8 17.Qe1 Bxf3 18.Rxf3 Nf5 19.c3 a5 20.Nd2 O-O 21.Qe2 Nh4 22.Rh3 Ng6
23.Qh5 h6 24.Ne4 Qd5 25.Re1 Nxf4 26.Nf6+ gxf6 27.Qg4+ Ng6 28.Rxh6 Qd2 29.Rxg6+ fxg6
30.Qxg6+ Kh8 31.Rf1 Qg5  0-1

[Event "Paul Keres Mem GMA"]
[Site "Tallinn EST"]
[Date "2008.01.09"]
[Round "6"]
[White "Klovans,J"]
[Black "Seeman,T"]
[Result "1-0"]
[WhiteElo "2447"]
[BlackElo "2420"]

1.e4 c5 2.Nf3 e6 3.d4 cxd4 4.Nxd4 Nc6 5.Nc3 d6 6.Be3 Nf6 7.f3 Be7 8.Qd2 O-O
9.g4 Nxd4 10.Bxd4 a6 11.O-O-O b5 12.Kb1 Nd7 13.f4 Bb7 14.a3 Re8 15.Be2 Rc8
16.Rhf1 Qc7 17.g5 e5 18.Be3 exf4 19.Bxf4 Ne5 20.h4 Bf8 21.h5 Qc5 22.Bxe5 Qxe5
23.Rf5 Qe6 24.Rdf1 Bxe4 25.Rxf7 d5 26.g6 hxg6 27.Nxe4 dxe4 28.hxg6 e3 29.Qd4 Rcd8
30.Qh4 Qxg6 31.R7f5 Rd6 32.Bh5 e2 33.Bxe2 Be7 34.Qh3 Bf6 35.Bh5 Qh6 36.Qb3+ Ree6
37.Re1  1-0

[Event "5th TCh-Asia w"]
[Site "Visakhpatnam IND"]
[Date "2008.01.09"]
[Round "7"]
[White "Baisakhi,D"]
[Black "Ranasinghe,S"]
[Result "1-0"]
[WhiteElo "2056"]
[BlackElo "1835"]

1.Nf3 c5 2.e4 Nc6 3.Nc3 e6 4.d4 cxd4 5.Nxd4 e5 6.Ndb5 a6 7.Nd6+ Bxd6 8.Qxd6 Qf6
9.Qd1 Qg6 10.Be3 Nge7 11.Qd2 O-O 12.f3 Kh8 13.g4 Qf6 14.Be2 Nd4 15.O-O-O Nxe2+
16.Qxe2 Qc6 17.h4 b5 18.g5 Bb7 19.Qh2 Rac8 20.h5 d6 21.g6 b4 22.Nd5 Nxd5
23.exd5 Qc4 24.h6 gxh6 25.g7+ Kg8 26.gxf8=Q+ Kxf8 27.b3 Qc3 28.Bxh6+ Ke8
29.Kb1 Qxf3 30.Rhf1 Qe4 31.Rfe1 Qg6  1-0